10 największych miast na Czeskim Śląsku - Statystyki

Ogólne statystyki
  • Ten quiz został rozwiązany 12 razy
    11 od ostatniego zresetowania
  • Średni wynik to 5 z 10
Odpowiedzi na mapie
Odpowiedzi zakodowano w zielono-czerwonej skali na mapie do tego quizu, zgodnie z poniższymi procentami.
 
Statystyki odpowiedzi
Populacja Miasta % Poprawnych
285 tys. Ostrawa
100%
21 tys. Bogumin
63%
50 tys. Karwina
63%
55 tys. Opawa
63%
23 tys. Czeski Cieszyn
50%
70 tys. Hawierzów
50%
55 tys. Frydek-Mistek
38%
23 tys. Karniów
38%
35 tys. Trzyniec
38%
28 tys. Orłowa
25%
Nie znaleziono quizów pasujących do podanych kryteriów
Rozkład punktacji
Procent ludzi z każdym wynikiem
Percentyl według liczby udzielonych odpowiedzi
Twoja historia wyników
Nie rozwiązałeś tego quizu od ostatniego zresetowania